<?xml version="1.0" encoding="UTF-8"?><?xml-stylesheet type="text/xsl" href="static/style.xsl"?><OAI-PMH xmlns="http://www.openarchives.org/OAI/2.0/" xmlns:xsi="http://www.w3.org/2001/XMLSchema-instance" xsi:schemaLocation="http://www.openarchives.org/OAI/2.0/ http://www.openarchives.org/OAI/2.0/OAI-PMH.xsd"><responseDate>2026-04-27T22:02:46Z</responseDate><request verb="GetRecord" identifier="oai:uvadoc.uva.es:10324/5884" metadataPrefix="marc">https://uvadoc.uva.es/oai/request</request><GetRecord><record><header><identifier>oai:uvadoc.uva.es:10324/5884</identifier><datestamp>2025-02-07T13:38:23Z</datestamp><setSpec>com_10324_38</setSpec><setSpec>col_10324_852</setSpec></header><metadata><record xmlns="http://www.loc.gov/MARC21/slim" xmlns:doc="http://www.lyncode.com/xoai" xmlns:xsi="http://www.w3.org/2001/XMLSchema-instance" xmlns:dcterms="http://purl.org/dc/terms/" xsi:schemaLocation="http://www.loc.gov/MARC21/slim http://www.loc.gov/standards/marcxml/schema/MARC21slim.xsd">
<leader>00925njm 22002777a 4500</leader>
<datafield tag="042" ind1=" " ind2=" ">
<subfield code="a">dc</subfield>
</datafield>
<datafield tag="720" ind1=" " ind2=" ">
<subfield code="a">Herranz García, Adrián</subfield>
<subfield code="e">author</subfield>
</datafield>
<datafield tag="260" ind1=" " ind2=" ">
<subfield code="c">2014</subfield>
</datafield>
<datafield tag="520" ind1=" " ind2=" ">
<subfield code="a">Este trabajo de fin de grado trata sobre una propuesta de intervención educativa, que tiene como principal objetivo, realizar un aumento de momentos de actividad motriz en un aula de 1º curso de educación infantil (2º ciclo), intentando relacionar las tres áreas del currículo para favorecer el desarrollo integral de los alumnos.&#xd;
En primer lugar, he realizado un análisis de los tiempos de actividad motriz que había en el contexto donde se ha realizado la propuesta, a través de la observación y la realización de un diario.&#xd;
La metodología de investigación utilizada para el marco teórico, ha sido la de la lectura de libros y textos de autores relevantes. La metodología para recoger información de la intervención educativa, ha sido la observación. Después, se hace un análisis de estos datos y se sacan algunas conclusiones.</subfield>
</datafield>
<datafield tag="024" ind2=" " ind1="8">
<subfield code="a">http://uvadoc.uva.es/handle/10324/5884</subfield>
</datafield>
<datafield ind1=" " ind2=" " tag="653">
<subfield code="a">Motricidad en el niño</subfield>
</datafield>
<datafield ind1=" " ind2=" " tag="653">
<subfield code="a">Psicomotricidad</subfield>
</datafield>
<datafield tag="245" ind1="0" ind2="0">
<subfield code="a">Análisis y propuesta de momentos de actividad motriz en un aula de un centro público de Segovia</subfield>
</datafield>
</record></metadata></record></GetRecord></OAI-PMH>